| 000 | 01803nam a2200433 i 4500 | ||
|---|---|---|---|
| 001 | 193083 | ||
| 003 | SpMaBN | ||
| 005 | 20240708063024.0 | ||
| 007 | ta | ||
| 008 | 230727s2007 sp | ||| ||spa | ||
| 016 | 7 |
_abimoBNE20070687876 _2SpMaBN |
|
| 017 |
_aM 16295-2007 _bOficina Depósito Legal Madrid |
||
| 020 | _a9788461163847 | ||
| 035 | _a(OCoLC)434500268 | ||
| 035 | _aMimo0002268165 | ||
| 040 |
_aSpMaBN _bspa _cSpMaBN _erdc _dES-MaACL |
||
| 080 | _a929 Swierczewski, Karol | ||
| 080 | _a355 Swierczewski, Karol | ||
| 100 | 1 |
_aSwierczewska, Antonina _0XX4616341 _9233922 |
|
| 245 | 1 | 0 |
_aSoldado de tres ejércitos : _bKarol Swierczewscki, "General Walter" : memorias sobre nuestro padre / _cAntonina, Zosia y Marta Swierczewska ; [traducción, María Romashina Merino] |
| 260 |
_aMadrid : _bAsociación de Amigos de las Brigadas Internacionales, _c[2007] |
||
| 300 |
_a220 p. : _bil. ; _c21 cm |
||
| 336 |
_2rdacontent _aTexto |
||
| 337 |
_2rdamedia _asin mediación |
||
| 338 |
_2rdacarrier _avolumen |
||
| 490 | 1 |
_aCuadernos biográficos de las Brigadas Internacionales ; _v3 |
|
| 500 | _aCatalogación provisional. Signatura: N 8581. Depósito J. | ||
| 600 | 1 | 7 |
_aŚwierczewski, Karol _d1897-1947 _2embne _9233923 |
| 700 | 1 |
_aSwierczewska, Zosia _9233924 |
|
| 700 | 1 |
_aSwierczewska, Marta _9233925 |
|
| 830 |
_9191147 _aCuadernos biográficos de las Brigadas Internacionales ; _v3 |
||
| 852 |
_aES-MaACL _9200389 _bR.153218 _jN-8581 _cDEPOJ _hDonación: Editorial _zEn proceso |
||
| 942 |
_n0 _cMONOGRAFIA |
||
| 999 |
_c193083 _d193083 |
||